African elite : (Record no. 37222)
[ view plain ]
| 000 -LEADER | |
|---|---|
| fixed length control field | 01349cam a2200373Mi 4500 |
| 001 - CONTROL NUMBER | |
| control field | ocn940972552 |
| 003 - CONTROL NUMBER IDENTIFIER | |
| control field | OCoLC |
| 005 - DATE AND TIME OF LATEST TRANSACTION | |
| control field | 20220304175114.0 |
| 008 - FIXED-LENGTH DATA ELEMENTS--GENERAL INFORMATION | |
| fixed length control field | 900601s1971 nyua bm 001 0 eng d |
| 020 ## - INTERNATIONAL STANDARD BOOK NUMBER | |
| International Standard Book Number | 0231033532 |
| 020 ## - INTERNATIONAL STANDARD BOOK NUMBER | |
| International Standard Book Number | 9780231033534 |
| 035 ## - SYSTEM CONTROL NUMBER | |
| System control number | (OCoLC)940972552 |
| Canceled/invalid control number | (OCoLC)1167028891 |
| 040 ## - CATALOGING SOURCE | |
| Original cataloging agency | LUN |
| Language of cataloging | eng |
| Transcribing agency | LUN |
| Modifying agency | OCLCO |
| -- | OCLCQ |
| -- | LSD |
| -- | OCLCF |
| -- | BUB |
| -- | OCLCQ |
| -- | OCLCO |
| -- | OCL |
| 043 ## - GEOGRAPHIC AREA CODE | |
| Geographic area code | f-ug--- |
| 050 #4 - LIBRARY OF CONGRESS CALL NUMBER | |
| Classification number | HN800.U4.G68 |
| Item number | V74 |
| 082 04 - DEWEY DECIMAL CLASSIFICATION NUMBER | |
| Classification number | 309.1 |
| Item number | 676 |
| 100 1# - MAIN ENTRY--PERSONAL NAME | |
| Personal name | Vincent, Joan. |
| 9 (RLIN) | 91463 |
| 245 10 - TITLE STATEMENT | |
| Title | African elite : |
| Remainder of title | the big men of a small town / |
| Statement of responsibility, etc. | Joan Vincent. |
| 260 ## - PUBLICATION, DISTRIBUTION, ETC. | |
| Place of publication, distribution, etc. | New York ; |
| -- | London : |
| Name of publisher, distributor, etc. | Columbia University Press, |
| Date of publication, distribution, etc. | 1971. |
| 300 ## - PHYSICAL DESCRIPTION | |
| Extent | [ix], 309 pages : |
| Other physical details | illustrations ; |
| Dimensions | 22 cm |
| 502 ## - DISSERTATION NOTE | |
| Dissertation note | A Revision of the author's thesis, Columbia University, 1968. |
| 504 ## - BIBLIOGRAPHY, ETC. NOTE | |
| Bibliography, etc. note | Includes bibliographical references. |
| 650 #0 - SUBJECT ADDED ENTRY--TOPICAL TERM | |
| Topical term or geographic name entry element | Elite (Social sciences) |
| Geographic subdivision | Uganda |
| -- | Gondo. |
| 9 (RLIN) | 91464 |
| 650 #0 - SUBJECT ADDED ENTRY--TOPICAL TERM | |
| Topical term or geographic name entry element | Social classes |
| Geographic subdivision | Uganda |
| -- | Gondo. |
| 9 (RLIN) | 91465 |
| 650 #7 - SUBJECT ADDED ENTRY--TOPICAL TERM | |
| Topical term or geographic name entry element | Elite (Social sciences) |
| Source of heading or term | fast |
| 9 (RLIN) | 5679 |
| 650 #7 - SUBJECT ADDED ENTRY--TOPICAL TERM | |
| Topical term or geographic name entry element | Social classes. |
| Source of heading or term | fast |
| 9 (RLIN) | 91466 |
| 650 #7 - SUBJECT ADDED ENTRY--TOPICAL TERM | |
| Topical term or geographic name entry element | Social conditions. |
| Source of heading or term | fast |
| 9 (RLIN) | 91467 |
| 651 #0 - SUBJECT ADDED ENTRY--GEOGRAPHIC NAME | |
| Geographic name | Gondo (Uganda) |
| General subdivision | Social conditions |
| 9 (RLIN) | 91468 |
| 655 #7 - INDEX TERM--GENRE/FORM | |
| Genre/form data or focus term | Academic theses. |
| Source of term | fast |
| 9 (RLIN) | 65906 |
| 655 #7 - INDEX TERM--GENRE/FORM | |
| Genre/form data or focus term | Academic theses. |
| Source of term | lcgft |
| 9 (RLIN) | 65906 |
| 856 ## - ELECTRONIC LOCATION AND ACCESS | |
| Link text | Download Ebook |
| 942 ## - ADDED ENTRY ELEMENTS (KOHA) | |
| Koha item type | Books |
| 948 ## - LOCAL PROCESSING INFORMATION (OCLC); SERIES PART DESIGNATOR (RLIN) | |
| h (OCLC) | NO HOLDINGS IN GHUCC - 3 OTHER HOLDINGS |
No items available.